000 00385nam a2200181Ia 4500
100 _aDenton/ Tom
650 _aAUTOMOBILE
250 _a5
942 _cRB
366 _f25
654 _aautomobile
245 _aAutomobile electrical and electronic systems
260 _bTaylor and francis
_c2018
082 _a629.2
_bDEN
300 _a673
546 _aENGLISH
999 _c29146
_d29146